Top 10 Wettest Countries - Statistics

General Stats
  • This quiz has been taken 45 times
  • The average score is 4 of 10
Answer Stats
Average Annual
Precipitation (mm)
Country % Correct
2,702 Indonesia
81%
3,240 Colombia
53%
3,142 Papua New Guinea
53%
2,875 Malaysia
50%
2,928 Panama
38%
2,722 Brunei
34%
2,926 Costa Rica
31%
3,028 Solomon Islands
28%
2,880 Samoa
16%
3,200 Sao Tome & Principe
13%
No matching quizzes found
Score Distribution
Percent of People with Each Score
Percentile by Number Answered
Your Score History
You have not taken this quiz